000 00710nam a22002177a 4500
999 _c6025
_d6025
003 AR-CdUCM
008 190313b ||||| |||| 00| 0 spa d
040 _aMUNICIPALIDAD PROVINCIAL DEL CUSCO
_cBIBLIOTECA MUNICIPAL DEL CUSCO
082 _a869.56 /
_bSA18
100 _aSalazar Bondy Sebastián
_9906
245 _aNáufragos y Sobrevivientes /
260 _aLima :
_bEdiciones del Club del Libro Peruano ;
_c1954.
300 _a113 páginas ;
_c18cm
440 _aColección Club del Libro Peruano
_n2
_917603
500 _aDonación de la familia Nieto
505 _aContenido: Cuentos
650 _aCuentos peruanos
_911293
650 _aCuentos siglo XX
_9414
942 _2ddc
_cLIBROS
945 _anom